|
|
|
|
| LEADER |
01131nam a2200325 4500 |
| 001 |
DLU180184457 |
| 005 |
##20180417 |
| 020 |
# |
# |
|a 9786047867523
|
| 040 |
# |
# |
|a DLU
|b vie
|
| 041 |
# |
# |
|a vie
|
| 044 |
# |
# |
|a vn
|
| 082 |
# |
# |
|a 390.095 97
|b HO-T
|
| 100 |
# |
# |
|a Hoàng Quốc Thái,
|c ThS.
|
| 245 |
# |
# |
|a Văn hóa dân gian dân chài thủy cư trên vịnh Hạ Long :
|b Chuyên khảo /
|c Hoàng Quốc Thái.
|
| 260 |
# |
# |
|a H. :
|b Mỹ thuật,
|c 2017.
|
| 300 |
# |
# |
|a 535 tr. :
|b phụ lục màu ;
|c 21 cm.
|
| 505 |
# |
# |
|a Phần 1. Đặc điểm địa - văn hóa vịnh Hạ Long và quá trình phát triển làng chài thủy cư trên vịnh Hạ Long -- Phần 2. Văn hóa dân gian dân chài thủy cư trên vịnh Hạ Long.
|
| 650 |
# |
# |
|a Hạ Long (Quảng Ninh, Việt Nam)
|x Đời sống xã hội và tập quán.
|
| 650 |
# |
# |
|a Văn hóa dân gian
|z Việt Nam
|z Quảng Ninh.
|
| 923 |
# |
# |
|a 01/2018
|
| 991 |
# |
# |
|a SH
|
| 992 |
# |
# |
|a 21000
|
| 994 |
# |
# |
|a DLU
|
| 900 |
# |
# |
|a True
|
| 911 |
# |
# |
|a Nguyễn Thanh Hương
|
| 925 |
# |
# |
|a G
|
| 926 |
# |
# |
|a A
|
| 927 |
# |
# |
|a SH
|
| 980 |
# |
# |
|a Thư viện Trường Đại học Đà Lạt
|